| Tag |
First Indicator |
Second Indicator |
Subfields |
| LEADER |
00000cam a2200000 i 4500 |
| 001 |
in00003710197 |
| 005 |
20170926143010.0 |
| 008 |
160509t20162016mdub b 001 0 eng |
| 010 |
|
|
|a 2016020533
|
| 020 |
|
|
|a 9781498539333
|q hardcover
|q alkaline paper
|
| 020 |
|
|
|a 1498539335
|q hardcover
|q alkaline paper
|
| 020 |
|
|
|z 9781498539340
|q electronic book
|
| 020 |
|
|
|z 1498539343
|q electronic book
|
| 035 |
|
|
|a (OCoLC)ocn946160825
|
| 040 |
|
|
|a DLC
|e rda
|c DLC
|d UtOrBLW
|
| 043 |
|
|
|a e-yu---
|a n-us---
|
| 049 |
|
|
|a TXAM
|
| 050 |
0 |
0 |
|a DR1258.U6
|b L345 2016
|
| 082 |
0 |
0 |
|a 355/.031094970973
|2 23
|
| 100 |
1 |
|
|a Laković, Ivan,
|e author.
|0 http://id.loc.gov/authorities/names/n2008083445
|
| 245 |
1 |
4 |
|a The Tito-Stalin split and Yugoslavia's military opening toward the West, 1950-1954 :
|b in NATO's backyard /
|c by Ivan Laković and Dmitar Tasić.
|
| 264 |
|
1 |
|a Lanham, Maryland :
|b Lexington Books,
|c [2016]
|
| 264 |
|
4 |
|c ©2016
|
| 300 |
|
|
|a xiv, 285 pages ;
|c 24 cm.
|
| 336 |
|
|
|a text
|b txt
|2 rdacontent
|
| 337 |
|
|
|a unmediated
|b n
|2 rdamedia
|
| 338 |
|
|
|a volume
|b nc
|2 rdacarrier
|
| 490 |
1 |
|
|a The Harvard Cold War studies book series
|
| 504 |
|
|
|a Includes bibliographical references (pages 267-275) and index.
|
| 505 |
0 |
|
|a Breaking the ice : Unofficial diplomacy -- Toward signing an agreement -- Hard talks : From military aid to military coordination -- The Balkan treaty : Toward the new Balkan alliance -- The key year of 1955 : Between the generals and the politicians -- Yugoslav military rapprochement to the West : Pretext and context -- Under a different light : Reconsiderations and stagnation of the military assistance program.
|
| 651 |
|
0 |
|a Yugoslavia
|x Military relations
|z United States.
|
| 651 |
|
0 |
|a United States
|x Military relations
|z Yugoslavia.
|
| 651 |
|
0 |
|a Yugoslavia
|x History
|y 1945-1980.
|0 http://id.loc.gov/authorities/subjects/sh85149477
|
| 650 |
|
0 |
|a Military assistance.
|0 http://id.loc.gov/authorities/subjects/sh85085144
|
| 700 |
1 |
|
|a Tasić, Dmitar,
|e author.
|0 http://id.loc.gov/authorities/names/n2008018987
|
| 830 |
|
0 |
|a Harvard Cold War studies book series.
|0 http://id.loc.gov/authorities/names/n2001032060
|
| 945 |
|
|
|b 749868
|
| 947 |
|
|
|a A14843439044
|
| 948 |
|
|
|a cataloged
|b h
|c 2016/8/26
|d c
|e dmitchel
|f 3:00:00 pm
|
| 994 |
|
|
|a 92
|b TXA
|
| 999 |
f |
f |
|s 246c388a-158c-3149-946d-90249743ee37
|i 0470b7db-8538-3dcf-a0b5-a818be70f141
|t 0
|
| 952 |
f |
f |
|p normal
|a Texas A&M University
|b College Station
|c Sterling C. Evans Library
|d Evans: Library Stacks
|t 0
|e DR1258.U6 L345 2016
|h Library of Congress classification
|i unmediated -- volume
|m A14843439044
|
| 998 |
f |
f |
|a DR1258.U6 L345 2016
|t 0
|l Evans: Library Stacks
|